Statystyki dla Jakie państwo posiada tą prowincję?

Kliknij tutaj aby rozwiązać quiz!

Ogólne statystyki

  • Ten quiz został rozwiązany 227 razy
  • Średni wynik to 11 z 20

Statystyki odpowiedzi

ProwincjaPaństwo% Poprawnych
BawariaNiemcy
100%
JakucjaRosja
88%
KłajpedaLitwa
85%
Łużyce dolnePolska
84%
JiangxiChiny
81%
AsturiaHiszpania
72%
MoraviaCzechy
71%
ManitobaKanada
67%
VasterbottenSzwecja
55%
KantoJaponia
54%
MarmaraTurcja
53%
MoliseWłochy
50%
GuardaPortugalia
46%
SemigaliaŁotwa
39%
KhuzestanIran
33%
MunteniaRumunia
27%
AncashPeru
25%
Los SantosPanama
15%
AdrarAlgieria
14%
BomaSudan południowy
3%

Rozkład punktacji

Percentyl według liczby udzielonych odpowiedzi

Procent ludzi z każdym wynikiem

Twoja historia wyników

Nie rozwiązałeś tego quizu